The xx - On Hold - Statistics

General Stats
  • This quiz has been taken 8 times
    7 since last reset
  • The average score is 312 of 480
Answer Stats
lyrics % Correct
a
100%
an
100%
had
100%
hold
100%
I
100%
thought
100%
We
100%
we
100%
where
100%
Where
100%
you
100%
always
67%
and
67%
And
67%
away
67%
back
67%
blame
67%
can't
67%
carried
67%
cold?
67%
coming
67%
did
67%
do
67%
don't
67%
go
67%
got
67%
let
67%
me
67%
on
67%
saw
67%
see
67%
stop,
67%
stop
67%
To
67%
to
67%
to?
67%
to,
67%
were
67%
When
67%
when
67%
you're
67%
you've
67%
You've
67%
All
33%
awake
33%
be
33%
believe
33%
body,
33%
body
33%
call
33%
Call
33%
cards
33%
charts
33%
chose
33%
could
33%
dare
33%
Dare
33%
destined
33%
different
33%
does
33%
empty
33%
every
33%
found
33%
heart
33%
hearts
33%
into
33%
It
33%
it
33%
leave
33%
lesson
33%
lie
33%
love
33%
make
33%
My
33%
need
33%
new
33%
Now
33%
old
33%
Only
33%
orbit
33%
sense
33%
soon
33%
space
33%
star
33%
staring
33%
stars
33%
the
33%
The
33%
the body
33%
them
33%
think
33%
time
33%
too
33%
us
33%
view
33%
want
33%
young
33%
Young
33%
No matching quizzes found
Score Distribution
Percent of People with Each Score
Percentile by Number Answered
Your Score History
You have not taken this quiz since the last reset